| 000 | 00600nam a2200217 a 4500 | ||
|---|---|---|---|
| 005 | 20140310183447.0 | ||
| 008 | 081204s19uu xx 00 eng d | ||
| 020 | _a978-0-07-340506-3 | ||
| 050 |
_aHD 62.7 _b.K159 2009 |
||
| 100 | _aKatz, Jerome A. | ||
| 245 | _aEntrepreneurial small business / | ||
| 260 |
_aBoston : _bMcGraw-Hill Irwin, _c2009. |
||
| 300 | _aI-29 | ||
| 521 | _aBSBA | ||
| 650 |
_aSmall business _xManagement. |
||
| 650 |
_aNew business enterprises _xManagement. |
||
| 650 | _aEntrepreneurship. | ||
| 700 | _aGreen, Richard P. | ||
| 942 |
_cBK _2lcc _kFOR |
||
| 999 |
_c23279 _d23279 |
||